000 00489nmm a2200145Ia 4500
008 251105s9999||||xx |||||||||||||||||und||
041 _aspa
100 _aVV. AA.
245 0 _aMetacognición en docentes. Investigación y formación: aportes para la convivencia escolar
264 _a[Bogotá, Colombia] :
_bEditorial Pontificia Universidad Javeriana,
_c2020
300 _a78 páginas
650 _aEducation
856 _uhttps://public.digitaliapublishing.com/a/82970
942 _cCF
999 _c106831
_d106831